000 01241 a2200253 4500
003 Nust
005 20221208123025.0
010 _a 86017950
020 _a019504276X (alk. paper) :
020 _a0195042778 (pbk.) :
040 _cNust
082 0 0 _a530.13, CHA
100 1 _aChandler, David,
_939799
245 1 0 _aIntroduction to modern statistical mechanics /
_cDavid Chandler.
260 _aNew York :
_bOxford University Press,
_c1987.
300 _axiii, 274 p. :
_bill. ;
_c25 cm.
505 _a Thermodynamics Fundamentals (Page-3), Condition for Equilibrium and Stability (Page-28), Statistical Mechanics (Page-54), Non- Interacting Ideal Systems (Page-86), Statistical Mechanical Theory of Phase (Page-119), Monte Carlo Methods in Statistical Mechanics (Page-159), Classical Fluids (Page-188), Statistical Mechanics of Non Equilibrium (Page-234).
650 0 _aChemistry, Physical and theoretical.
_91241
650 0 _aStatistical mechanics.
_934451
650 0 _aStatistical thermodynamics.
_939800
856 4 2 _3Publisher description
_uhttp://www.loc.gov/catdir/enhancements/fy0602/86017950-d.html
856 4 2 _3Table of contents only
_uhttp://www.loc.gov/catdir/enhancements/fy0602/86017950-t.html
942 _2ddc
_cBK
999 _c180605
_d180605